Statistics for MLW Trivia

Click here to take the quiz!

General Stats

  • This quiz has been taken 17 times
  • The average score is 19 of 32

Answer Stats

HintAnswer% Correct
Who is the commissioner of MLW?Kyle Schultz
100%
How many teams miss the playoffs per year?2
86%
What year was the league founded?2009
86%
How many positions are there on field?3
86%
What overall pick was Matt Carlington drafted?8
86%
Besides the Diamondbacks, what is the only team to have won the World Series twice in a row?Wildcats
86%
What city is the 2023 World Series being hosted in?Atlanta
79%
Which foot does Jordan Robles put off to the right in his batting stance? (Front/Back)Front
79%
Who has hit the most career home runs?Kyle Schultz
79%
Which Gators player wears #27?Chris Cheetam
71%
Who keeps score for most of MLW's games?Mark Schultz
71%
In 2023, which team barely made the playoffs by beating the Cobras in the regular season?Predators
71%
What is the field that MLW plays the majority of it's games at?The Meadows
71%
What is the full name of TC3?Tommy Coughlin III
71%
What number does TC3 wear?32
64%
Who hosts the ___ cam during the home run derby?Alec Warda
64%
Who is the brother of Landon Yurgaites, who also plays in MLW?Carson Yurgaites
57%
Which player finished runner-up in the Home Run Derby in 2022 and 2023?Jonah Heath
57%
Who retired in 2023, after two consecutive world series wins?Michael Schema
57%
Who is the #2 arm on the Diamondbacks?Trey Flood
57%
Who did the Metro Magic sign as an UDFA in 2023?AJ Ackerman
50%
Who is the #2 arm on the Eagles as of 2023?Blade Walker
50%
What is TCIII's sister named? (One of the 4 original players)Rachel
50%
Besides the Yurgaites brothers, what is the last name of the other duo of brothers to be on the same team in 2023?Baranoski
43%
Who is the oldest player in MLW as of 2023?Grant Miller
43%
Who is the #2 arm on the Predators?Stephen McGlade
43%
Who won Most Improved and Cy Young in 2022?Brendan Baranoski
36%
What is Jack Aigner's nickname?Swagner
36%
What is Jimmy Knorp's favorite sunflower seed flavor?Dill Pickle
29%
Which retired player wore #96 on the Eagles?Neal Smith
29%
Who wore #99 during the 2022 All-Fun game?Swamp Man
21%
What is Jimmy Knorp's nickname?The Knorpedo
7%

Score Distribution

Percentile by Number Answered

Percent of People with Each Score

Your Score History

You have not taken this quiz